| 000 | 00468nam a22001691a 4500 | ||
|---|---|---|---|
| 001 | 11884 | ||
| 003 | OSt | ||
| 005 | 20260204212300.0 | ||
| 008 | 140901s1989||||sp ||||||b|||||||||| || | ||
| 020 | _a8432986232 | ||
| 082 | _a371.102 C737 a | ||
| 245 | _aComo aplicar estrategias de enseñanza | ||
| 264 | _aEspaña : Barcelona CEAC | ||
| 300 | _a155 p | ||
| 650 | _aMOTIVACION EN EDUCACION 2.DISCIPLINA ESCOLAR 3.MEDICIONES Y PRUEBAS EDUCATIVASÌ | ||
| 942 |
_2ddc _cBK |
||
| 999 |
_c11884 _d11884 |
||